Escola de chuva (Record no. 75118)
[ view plain ]
| 000 -LÍDER | |
|---|---|
| campo de controle de tamanho fixo | 00462 a2200193 4500 |
| 001 - NÚMERO DE CONTROLE | |
| campo de controle | 75118 |
| 020 ## - ISBN - INTERNATIONAL STANDARD BOOK NUMBER | |
| ISBN - International Standard Book Number | 9788574124018 |
| 041 ## - CÓDIGO DE IDIOMA | |
| Código do idioma do texto/trilha sonora ou título diferente | por |
| 090 ## - NÚMERO DE CHAMADA LOCAL | |
| Número de chamada (OCLC) (R); Número de chamada, CALL (RLIN) (NR) | P Year 1 028 RUM |
| 040 ## - FONTE DA CATALOGAÇÃO | |
| Instituição da catalogação original | BR-BrIDEA |
| Instituição que transcreveu o registro | BR-BrIDEA |
| 100 ## - ENTRADA PRINCIPAL--NOME PESSOAL | |
| Nome pessoal | Rumford, James. |
| 250 ## - EDIÇÃO | |
| Edição | . ed. |
| 245 10 - TÍTULO | |
| Título | Escola de chuva |
| Indicação de responsabilidade, etc. | James Rumford |
| 260 ## - PUBLICAÇÃO, DISTRIBUIÇÃO, ETC. | |
| Local de publicação, distribuição, etc. | São Paulo |
| Nome do editor, distribuidor, etc. | Brinque-Book |
| Data da publicação, distribuição, etc. | 2012 |
| 300 ## - DESCRIÇÃO FÍSICA | |
| Extensão | 32 p. |
| 697 ## - ENTRADA DE ASSUNTO LOCAL--ENTIDADE COLETIVA (RLIN) | |
| Nome corporativo ou nome da jurisdição | Literatura infantojuvenil. |
| 856 ## - LOCALIZAÇÃO ELETRÔNICA E ACESSO | |
| Uniform Resource Identifier | <a href="000002/00000200.jpg">000002/00000200.jpg</a> |
| 942 ## - ELEMENTOS DE ENTRADA ADICIONADOS (KOHA) | |
| Tipo de material Koha | Livros |
| Situação do descarte | Situação das perdas | Situação física | Não pode ser emprestado | Biblioteca de origem | Biblioteca atual | Data de aquisição | Total de empréstimos | Número de chamada completo | Código de barras | Data de último acesso | Data do preço efetivo | Tipo de material Koha | Fonte da classificação ou esquema de arquivamento na estante | Data do último empréstimo | Devolução em |
|---|---|---|---|---|---|---|---|---|---|---|---|---|---|---|---|
| Canadian School of Niterói - Itacoatiara | Canadian School of Niterói - Itacoatiara | 09/02/2024 | 1 | RUM-E2 | A07807 | 26/02/2024 | 09/02/2024 | Livros | 26/02/2024 | 06/12/2024 | |||||
| Canadian School of Niterói - Piratininga | Canadian School of Niterói - Piratininga | 09/02/2024 | RUM-E2 | A08202 | 09/02/2024 | 09/02/2024 | Livros | ||||||||
| Colégio São Paulo | Colégio São Paulo | 22/11/2023 | LI 028.5 R936e | 6396/CSP | 22/11/2023 | 22/11/2023 | Livros | ||||||||
| ECB - SUDOESTE | ECB - SUDOESTE | 10/02/2017 | P Year 2 028 | 00027662SSW | 23/01/2024 | 23/01/2024 | Livros | Classificação Decimal de Dewey | |||||||
| ECB - SUDOESTE | ECB - SUDOESTE | 10/02/2017 | 3 | P Year 2 028 | 00027663SSW | 24/05/2024 | 23/01/2024 | Livros | Classificação Decimal de Dewey | 17/05/2024 | |||||
| ECB - SUDOESTE | ECB - SUDOESTE | 24/09/2013 | P Year 2 028 | 00005884SSW | 23/01/2024 | 23/01/2024 | Livros | Classificação Decimal de Dewey | |||||||
| ECB - SUDOESTE | ECB - SUDOESTE | 14/04/2020 | Year 3 028 RUM | 00049900SSW | 23/01/2024 | 23/01/2024 | Livros | Classificação Decimal de Dewey | |||||||
| ECB - SUDOESTE | ECB - SUDOESTE | 14/04/2020 | 1 | P Year 1 028 RUM | 00049901SSW | 01/04/2024 | 23/01/2024 | Livros | Classificação Decimal de Dewey | 04/03/2024 | |||||
| ECB - ÁGUAS CLARAS | ECB - ÁGUAS CLARAS | 23/12/2019 | AP Year 1 028 RUM | 00046964AGC | 23/01/2024 | 23/01/2024 | Livros | Classificação Decimal de Dewey | |||||||
| ECB - ÁGUAS CLARAS | ECB - ÁGUAS CLARAS | 23/12/2019 | AP Year 1 028 RUM | 00046965AGC | 23/01/2024 | 23/01/2024 | Livros | Classificação Decimal de Dewey |